• 首页
  • 本馆介绍
  • 公告通知
  • 最新文献
  • 馆藏检索
  • 电子资源
  • 读者导购
  • 参考咨询
  • 我的图书馆
  • 登录
  • 详细信息显示
  • 放入我的书架
  • 预约/预借图书
  • 作者相关作品
  • 分类相关作品
  • 丛书相关作品
  • 出版社相关作品

书目信息

  • 表格格式
  • 工作单格式
  • 卡片格式
题名:
数字音频对象制作和保存指南
    
 
作者: 蔡学美 主编 ;国际音像档案协会 编
分册:  
出版信息: 北京   社会科学文献出版社·联合出版中心  2019.03
页数: 218页
开本: 24cm
丛书名:
单 册:
中图分类: TN912.2-62
科图分类:
主题词: 数字音频技术--shu zi yin pin ji shu--指南
电子资源:
ISBN: 978-7-5201-3915-1
000 01397nam0 2200277 450
001 0109110135
005 20201109141656.62
010    @a978-7-5201-3915-1@dCNY149.00
100    @a20190508d2019 em y0chiy50 ea
101 0  @achi
102    @aCN@b110000
105    @ay z 001yy
106    @ar
200 1  @a数字音频对象制作和保存指南@Ashu zi yin pin dui xiang zhi zuo he bao cun zhi nan@dGuidelings on the production and preservation of digital audio objects@f蔡学美编译@g国际音像档案协会技术委员会编@zeng
205    @a2版
210    @a北京@c社会科学文献出版社·联合出版中心@d2019.03
215    @a218页@d24cm
314    @a主编:蔡学美
330    @a本书针对数字音频信息的长期保存及维持其可信度问题,国际音像档案协会近期修订发布了该指南,对数字音频相关技术和操作给出了规范化的指导意见。该指南提出了数字音频制作和保管的相关标准建议、操作实践和方法策略,是各国相关专业人员开展数字音像制品制作和音像档案保存的指导性文件。目前,该《指南》已被译为法语、西班牙语等多种文字,在世界范围内得到越来越广泛的认可和使用。
510 1  @aGuidelings on the production and preservation of digital audio objects@zeng
606 0  @a数字音频技术@Ashu zi yin pin ji shu@j指南
690    @aTN912.2-62@v5
701  0 @a蔡学美@Acai xue mei@4主编@4编译
712 02 @a国际音像档案协会@Aguo ji yin xiang dang an xie hui@b技术委员会@4编
801  0 @aCN@bBJSZM@c20201103
905    @b1213544-5@dTN912.2-62@e90=2@f2
    
    数字音频对象制作和保存指南=Guidelings on the production and preservation of digital audio objects/蔡学美编译/国际音像档案协会技术委员会编.-2版.-北京:社会科学文献出版社·联合出版中心,2019.03
    218页;24cm
    
    
    ISBN 978-7-5201-3915-1:CNY149.00
    本书针对数字音频信息的长期保存及维持其可信度问题,国际音像档案协会近期修订发布了该指南,对数字音频相关技术和操作给出了规范化的指导意见。该指南提出了数字音频制作和保管的相关标准建议、操作实践和方法策略,是各国相关专业人员开展数字音像制品制作和音像档案保存的指导性文件。目前,该《指南》已被译为法语、西班牙语等多种文字,在世界范围内得到越来越广泛的认可和使用。
●
相关链接 在E读中查询图书 在五车中查询图书 在当当中查询图书 在豆瓣中查询图书


正题名:数字音频对象制作和保存指南     索取号:TN912.2-62/90=2         预约/预借

序号 登录号 条形码 馆藏地/架位号 状态 备注
1 1213544   212135447   第二样本阅览室/ [索取号:TN912.2-62/90=2] 在馆    
2 1213545   212135456   第三借阅区/ [索取号:TN912.2-62/90=2] 在馆    
唐山师范学院图书馆 欢迎您!
大连网信软件有限公司© 版权所有